Publicacions Matemàtiques

محفوظ في:

التنسيق: دورية

اللغة: Undetermined

منشور في: JSTOR
Universitat Autònoma de Barcelona

الموضوعات:

الوصول للمادة أونلاين: Login to view Source

الوسوم: إضافة وسم

لا توجد وسوم, كن أول من يضع وسما على هذه التسجيلة!

رقم الطلب:

LEADER 00528nas a2200169Ia 4500
008 220214c99999999xx |||||||||||| ||und||
022 |a 0214-1493 
022 |a 2014-4350 
245 0 0 |a Publicacions Matemàtiques 
264 1 |b JSTOR 
264 1 |b Universitat Autònoma de Barcelona 
362 0 |a Vol. 32(1988)-60 (2016) 
653 1 0 |a Science & Mathematics 
856 4 0 |u https://www.jstor.org/journal/publmate 
942 |c JL 
952 |0 0  |1 0  |4 0  |7 1  |9 36820  |a JSR  |b JSR  |d 2022-02-14  |l 0  |r 2022-02-14 00:00:00  |w 2022-02-14  |y JL 
999 |c 45152  |d 45152